English literature and society in the eighteenth century / (Record no. 448917)

MARC details
000 -LEADER
fixed length control field 01021nam a2200313 a 4500
001 - CONTROL NUMBER
control field vtls000529752
003 - CONTROL NUMBER IDENTIFIER
control field NLI
005 - DATE AND TIME OF LATEST TRANSACTION
control field 20210603141958.0
008 - FIXED-LENGTH DATA ELEMENTS--GENERAL INFORMATION
fixed length control field 110308s1931 enk 000 eng
039 #9 - LEVEL OF BIBLIOGRAPHIC CONTROL AND CODING DETAIL [OBSOLETE]
-- 201103081741
-- Datasoft
040 0# - CATALOGING SOURCE
Original cataloging agency NLI
Language of cataloging eng
Transcribing agency Retro_DSC 1
Description conventions AACR2
041 0# - LANGUAGE CODE
Language code of text/sound track or separate title eng
044 ## - COUNTRY OF PUBLISHING/PRODUCING ENTITY CODE
MARC country code enk
082 04 - DEWEY DECIMAL CLASSIFICATION NUMBER
Classification number 820.9
100 1# - MAIN ENTRY--PERSONAL NAME
Personal name Stephen, Leslie,
Titles and words associated with a name Sir.,
Dates associated with a name 1832-1904
9 (RLIN) 176092
245 10 - TITLE STATEMENT
Title English literature and society in the eighteenth century /
Statement of responsibility, etc. by Leslie Stephen
260 ## - PUBLICATION, DISTRIBUTION, ETC.
Place of publication, distribution, etc. London :
Name of publisher, distributor, etc. Duckworth,
Date of publication, distribution, etc. 1931
300 ## - PHYSICAL DESCRIPTION
Extent vi, 224 p. ;
Dimensions 18 cm.
440 #4 - SERIES STATEMENT/ADDED ENTRY--TITLE
Title The new readers library ;
Volume/sequential designation .[28]
9 (RLIN) 611880
650 #0 - SUBJECT ADDED ENTRY--TOPICAL TERM
Topical term or geographic name entry element English literature
Chronological subdivision 18th century
General subdivision History and criticism
9 (RLIN) 103168
651 #0 - SUBJECT ADDED ENTRY--GEOGRAPHIC NAME
Geographic name England
General subdivision Social life and customs
Chronological subdivision 18th century
9 (RLIN) 177988
710 2# - ADDED ENTRY--CORPORATE NAME
Corporate name or jurisdiction name as entry element Asutosh Collection (National Library, India)
887 ## - NON-MARC INFORMATION FIELD
Content of non-MARC field
901 ## - LOCAL DATA ELEMENT A, LDA (RLIN)
a 9708
b 14.04.1955
902 ## - LOCAL DATA ELEMENT B, LDB (RLIN)
a A.C 820.9 S 6
942 ## - ADDED ENTRY ELEMENTS (KOHA)
Source of classification or shelving scheme Dewey Decimal Classification
Koha item type Books
949 ## - LOCAL PROCESSING INFORMATION (OCLC)
-- VIRTUAITEM
-- 10000
-- 100
6 GAC000009708ENG
Holdings
Withdrawn status Lost status Damaged status Not for loan Collection code Home library Current library Shelving location Date acquired Total Checkouts Full call number Barcode Date last seen Price effective from Koha item type
          National Library of India National Library of India       A.C 820.9 S 6 GAC000009708ENG 03/06/2021 03/06/2021 Books
                                                                           
web counter

Copyright ©2020 The National Library of India, Govt. of India ↔ Hosted by NVLI, MOC ↔ Technology and Design by National Library of India, Ministry of Culture, Govt. of India